Ngọn lửa rừng

Spremljeno u:
Bibliografski detalji
Glavni autor: Triệu, Lam Châu
Daljnji autori: Hội Văn nghệ dân gian Việt Nam
Format: Knjiga
Jezik:Undetermined
Izdano: H. Hội nhà văn 2018
Teme:
Online pristup:http://lrc.tdmu.edu.vn/opac/search/detail.asp?aID=2&ID=36670
Oznake: Dodaj oznaku
Bez oznaka, Budi prvi tko označuje ovaj zapis!
Thư viện lưu trữ: Trung tâm Học liệu Trường Đại học Thủ Dầu Một
LEADER 00722nam a2200205Ia 4500
001 TDMU_36670
008 210410s9999 xx 000 0 und d
082 |a 781.620095977 
090 |b TR309 
100 |a Triệu, Lam Châu 
245 0 |a Ngọn lửa rừng 
245 0 |c Triệu Lam Châu 
260 |a H. 
260 |b Hội nhà văn 
260 |c 2018 
300 |a 105 tr. 
650 |a Văn học dân gian  |x Thơ  |x Dân tộc Tày  |z Việt Nam; Dân tộc Tày  |x Văn học  |x Thơ 
700 |a Hội Văn nghệ dân gian Việt Nam 
856 |u http://lrc.tdmu.edu.vn/opac/search/detail.asp?aID=2&ID=36670 
980 |a Trung tâm Học liệu Trường Đại học Thủ Dầu Một